Electronic circuits (Record no. 177400)

000 -LEADER
fixed length control field 00372nam a2200145Ia 4500
008 - FIXED-LENGTH DATA ELEMENTS--GENERAL INFORMATION
fixed length control field 220217s9999||||xx |||||||||||||| ||und||
020 ## - INTERNATIONAL STANDARD BOOK NUMBER
International Standard Book Number 81-312-0650-5
082 ## - DEWEY DECIMAL CLASSIFICATION NUMBER
Classification number 621.381 5 TOO
100 ## - MAIN ENTRY--PERSONAL NAME
Personal name Tooley, Mike
9 (RLIN) 6064
245 #0 - TITLE STATEMENT
Title Electronic circuits
250 ## - EDITION STATEMENT
Edition statement 3rd
260 ## - PUBLICATION, DISTRIBUTION, ETC.
Place of publication, distribution, etc. Elsevier Academic press
Name of publisher, distributor, etc. New Delhi
Date of publication, distribution, etc. 2006
300 ## - PHYSICAL DESCRIPTION
Other physical details 350
650 ## - SUBJECT ADDED ENTRY--TOPICAL TERM
Topical term or geographic name entry element CIRCUITRY
Holdings
Withdrawn status Lost status Damaged status Not for loan Collection code Home library Current library Shelving location Date acquired Total Checkouts Full call number Barcode Date last seen Date last checked out Price effective from Koha item type
        Electronics and Communication Engineering Central Library Central Library Book Cart 02/18/2022 1 621.381 5 TOO 12589 04/04/2022 03/24/2022 02/18/2022 Books

Powered by Koha